Normal view
MARC view
- Apte Supriya A - 2K91005
Entry Personal Name
001 - CONTROL NUMBER
- control field: 101905
003 - CONTROL NUMBER IDENTIFIER
- control field: OSt
005 - DATE AND TIME OF LATEST TRANSACTION
- control field: 20221007215902.0
008 - FIXED-LENGTH DATA ELEMENTS
- fixed length control field: 221007|| aca||aabn | a|a d
040 ## - CATALOGING SOURCE
- Original cataloging agency: OSt
- Transcribing agency: OSt
100 ## - HEADING--PERSONAL NAME
- Personal name: Apte Supriya A - 2K91005
670 ## - SOURCE DATA FOUND
- Source citation: Work cat.: (OSt)69060: Apte Supriya A - 2K91005, A Study of Stress Management Among Employees of The Bank and The Initiatives Taken by The Bank to Maintain Their Work-Life Balance, 2011